000
00255nam a2200097Ia 4500
008
240331s9999 xx 000 0 und d
082
_b
TAM
100
_a
Tambiah, Stanley J
245
4
_a
The Nation in crisis and the rise of ethno nationalism :
_b
-
942
_c
L
999
_c
2054
_d
2054